Οικογένεια και περιουσία στην Ελλάδα και την Κύπρο
Αποθηκεύτηκε σε:
| Άλλοι συγγραφείς: | , , |
|---|---|
| Μορφή: | Βιβλίο |
| Γλώσσα: | Greek French |
| Δημοσίευση: |
Αθήνα :
Εστία,
2009, 1994.
|
| Σειρά: | Ελληνική κοινωνία ;
7 |
| Θέματα: | |
| Ετικέτες: |
Προσθήκη ετικέτας
Δεν υπάρχουν, Καταχωρήστε ετικέτα πρώτοι!
|
MARC
| LEADER | 00000cam a2200000 i 4500 | ||
|---|---|---|---|
| 001 | 1/45234 | ||
| 008 | 070530r20091994gr | ||| |||| ||gre|| | ||
| 020 | |a 9789600505030 | ||
| 020 | |a 9600505039 | ||
| 035 | |l 10088066 | ||
| 040 | |a GR-MyUa |b gre |e AACR2 | ||
| 041 | 1 | |a gre |h fre | |
| 082 | 7 | |a 392.5 |2 (22) | |
| 245 | 0 | 0 | |a Οικογένεια και περιουσία στην Ελλάδα και την Κύπρο / |c επιμέλεια ύλης: Colette Piault ; επιστημονική επιμέλεια: Μαρίνα Μαροπούλου ; μετάφραση: Μαρίνα Μαροπούλου, Λήδα Ιστικοπούλου. |
| 260 | |a Αθήνα : |b Εστία, |c 2009, 1994. | ||
| 300 | |a 339 σ. : |b πίν., εικ. ; |c 21 εκ. | ||
| 490 | 1 | |a (Ελληνική κοινωνία ; |v 7) | |
| 500 | |a Το Παράρτημα Λέσβου διαθέτει την 1η έκδ. (1994) και την 2η έκδ. [ανατύπωση] (2009). | ||
| 504 | |a Περιέχει βιβλιογραφικές παραπομπές. | ||
| 650 | 0 | |a Dowry |z Greece. | |
| 650 | 0 | |a Marriage customs and rites |z Greece. | |
| 650 | 0 | |a Marriage customs and rites |z Cyprus. | |
| 650 | 0 | |a Marriage |z Greece. | |
| 650 | 0 | |a Families |z Cyprus. | |
| 650 | 0 | |a Families |z Greece. | |
| 700 | 1 | |a Piault, Colette, |e edtf | |
| 700 | 1 | |a Μαροπούλου, Μαρίνα, |e trlf |e edtf | |
| 700 | 1 | |a Ιστικοπούλου, Λήδα, |e trlf | |
| 765 | 0 | 8 | |i Μετάφραση του: |t Familles et biens en Grece et a Chypre / |
| 830 | 0 | |a Ελληνική κοινωνία ; |v 7 | |
| 852 | |a INST |b LESVOS |e 20070530 |h 392.5 ΟΙΚ |p 005100038530 |q 005100038530 |t BK |y 0 | ||
| 852 | |a INST |b LESVOS |e 20081124 |h 392.5 ΟΙΚ |p 005100044220 |q 005100044220 |t BK |y 0 | ||
| 852 | |a INST |b LESVOS |e 20100526 |h 392.5 ΟΙΚ |p 005100047383 |q 005100047383 |t BK |y 0 | ||
| 852 | |a INST |b LESVOS |e 20100526 |h 392.5 ΟΙΚ |p 005100047384 |q 005100047384 |t BK |y 0 | ||
| 852 | |a INST |b LESVOS |e 20100526 |h 392.5 ΟΙΚ |p 005100047385 |q 005100047385 |t BK |y 0 | ||
| 852 | |a INST |b LESVOS |e 20110808 |h 392.5 ΟΙΚ |p 005100050006 |q 005100050006 |t BK |y 0 | ||
| 901 | |a BIBL1-2007-2 | ||
| 901 | |a BIBL1-2008-3 | ||
| 901 | |a BIBL1-2011-2 | ||
| 970 | |a ΧΑΤΖΗΜΙΧΑΗΛ |b ΜΑΡΙΑ |z 2007/05/30 | ||